000 01131cam a22003377a 4500
003 CHAP
005 20220817042910.0
008 971013s1968 mx a r 00010 spa d
010 _a59292
011 _a60264
035 _a64424
040 _cCHAP
090 _aFolleto 492
100 0 0 _aPuente Espinosa, José María de la.
_992897
245 1 3 _aEl bosque natural y las plantaciones forestales en Australia
260 _aMéxico :
_bDirección General del Inventario Nacional Forestal,
_c1968
300 _a23 p.
_b: ilus.
490 0 _aPublicación
_v; 6
590 _aBATCH-UPD
_b10
_c20130110
_lUCH01
_h1331
590 _aBATCH-UPD
_b10
_c20130410
_lUCH01
_h0836
590 _aBATCH-UPD
_b10
_c20130914
_lUCH01
_h0716
590 _aCONVERSION
_b10
_c20130109
_lUCH01
_h1332
650 1 4 _aBosques
_xAustralia.
_914091
650 1 4 _aForestación.
_942339
710 0 _aMéxico. Dirección General del Inventario Nacional Forestal.
830 0 _aPublicación
_v; 6
901 _aBK
942 _cFOLL
949 _aFolleto 492
_bBC
_cFOLL
_d-140232
_eTS1
_i64424
_si
949 _aFolleto 492
_bBC
_cFOLL
_d-140233
_eTS2
_fc.2
_i64424
_si
999 _c59292
_d59292